المعجم الجغرافي للبلاد العربية السعودية / (Record no. 29144)

MARC details
000 -LEADER
fixed length control field 00567nam a22001817a 4500
005 - DATE AND TIME OF LATEST TRANSACTION
control field 20251108165505.0
008 - FIXED-LENGTH DATA ELEMENTS--GENERAL INFORMATION
fixed length control field 250721s1979 xx 000 0 ara d
082 14 - DEWEY DECIMAL CLASSIFICATION NUMBER
Classification number م/915.661003/حمد
100 1# - MAIN ENTRY--PERSONAL NAME
Personal name الجاسر، حمد
245 10 - TITLE STATEMENT
Title المعجم الجغرافي للبلاد العربية السعودية /
264 1# - PRODUCTION, PUBLICATION, DISTRIBUTION, MANUFACTURE, AND COPYRIGHT NOTICE
Place of production, publication, distribution, manufacture الرياض :
Name of producer, publisher, distributor, manufacturer دار اليمامه للبحث و الترجمه،
Date of production, publication, distribution, manufacture, or copyright notice 1979-1981.
300 ## - PHYSICAL DESCRIPTION
Extent ج0
650 17 - SUBJECT ADDED ENTRY--TOPICAL TERM
Topical term or geographic name as entry element السعودية
650 17 - SUBJECT ADDED ENTRY--TOPICAL TERM
Topical term or geographic name as entry element جغرافيا
650 17 - SUBJECT ADDED ENTRY--TOPICAL TERM
Topical term or geographic name as entry element القواميس
942 ## - ADDED ENTRY ELEMENTS (KOHA)
Source of classification or shelving scheme Dewey Decimal Classification
Koha item type References
Holdings
حالة السحب حالة الفقدان مصدر التصنيف حالة التلف غير قابل للإعارة المكتبة الرئيسية المكتبة الحالية موقع الرف تاريخ التزويد الرقم المتسلسل Total Checkouts رقم الإستدعاء الباركود تاريخ آخر ظهور تاريخ الفاتورة نوع المادة (كوها)
    Dewey Decimal Classification   Not For Loan المكتبة المركزية المكتبة المركزية مراجع 06/07/2004 93596   م/915.661003/حمد 93596 28/07/2025 06/07/2004 References
    Dewey Decimal Classification   Not For Loan المكتبة المركزية المكتبة المركزية مراجع 06/07/2004 93595   م/915.661003/حمد 93595 28/07/2025 06/07/2004 References
    Dewey Decimal Classification   Not For Loan المكتبة المركزية المكتبة المركزية مراجع 06/07/2004 93597   م/915.661003/حمد 93597 28/07/2025 06/07/2004 References
    Dewey Decimal Classification   Not For Loan مكتبة صويلح العامة مكتبة صويلح العامة مراجع 14/10/2019 0002142   م/915.661003/حمد PLD00472133 28/07/2025 14/10/2019 References
    Dewey Decimal Classification   Not For Loan مكتبة صويلح العامة مكتبة صويلح العامة مراجع 14/10/2019 002143   م/915.661003/حمد PLD00472134 28/07/2025 14/10/2019 References
    Dewey Decimal Classification   Not For Loan مكتبة صويلح العامة مكتبة صويلح العامة مراجع 14/10/2019 002145   م/915.661003/حمد PLD00472135 28/07/2025 14/10/2019 References
Implemented & Customized by: BBB with SCIT (Smart Chains for Information Technology)

Powered by Koha